[Event "Moscow Open A 2016"]
[Site "Moscow RUS"]
[Date "2016.02.01"]
[Round "3.101"]
[White "Oganisian, Roman"]
[Black "Terekhov, Konstantin"]
[Result "1/2-1/2"]
[WhiteTitle "FM"]
[WhiteElo "2328"]
[BlackElo "2122"]
[WhiteFideId "4153006"]
[BlackFideId "4115856"]
[EventDate "2016.01.30"]

1. e4 c6 2. d4 d5 3. Nc3 dxe4 4. Nxe4 Bf5 5. Ng3 Bg6 6. h4 h6 7. Nf3 Nd7 8. h5
Bh7 9. Bd3 Bxd3 10. Qxd3 Ngf6 11. O-O e6 12. Qe2 Qc7 13. Ne5 c5 14. Re1 Bd6 15.
Nxd7 Qxd7 16. dxc5 Bxc5 17. b3 O-O 18. Bb2 Qc7 19. Qf3 Be7 20. c4 Rfd8 21. Ne4
Nxe4 22. Rxe4 Rd7 23. Rae1 Rad8 24. Rg4 Bg5 25. Be5 Qc6 26. Qxc6 bxc6 27. c5 Rd5
28. Bd6 Rd7 29. Rb4 Be7 30. Rb8+ Kh7 31. Bxe7 Rxe7 32. b4 Rc7 33. g4 Rg5 34. f3
f5 35. Re5 g6 36. Kf2 gxh5 37. gxf5 h4 38. Re4 Rxf5 39. Rxh4 Rcf7 40. Rh3 Rf4
41. Ke3 Rc4 42. Re8 Rf6 43. Rg3 Rxb4 44. Re7+ Kh8 45. Rgg7 Rbf4 46. Rg3 1/2-1/2

[Event "Moscow Open A 2016"]
[Site "Moscow RUS"]
[Date "2016.02.01"]
[Round "3.102"]
[White "Dobrocmyslov, Artem"]
[Black "Kholopov, Alexander A."]
[Result "0-1"]
[BlackTitle "FM"]
[WhiteElo "2119"]
[BlackElo "2325"]
[WhiteFideId "24139521"]
[BlackFideId "4148100"]
[EventDate "2016.01.30"]

1. d4 Nf6 2. c4 g6 3. Nc3 Bg7 4. e4 O-O 5. Nf3 d6 6. h3 c5 7. d5 e6 8. Bd3 exd5
9. exd5 Re8+ 10. Be3 Bh6 11. O-O Bxe3 12. fxe3 Nbd7 13. Qe1 Qe7 14. Nb5 Rf8 15.
e4 Ne8 16. Qd2 a6 17. Nc3 Ne5 18. a4 b6 19. Rae1 Nf6 20. Re3 Nxf3+ 21. Rexf3 Nd7
22. Ne2 Ne5 23. Rf6 Nd7 24. R6f4 f6 25. Ng3 Ne5 26. b3 Bd7 27. h4 Rab8 28. h5 b5
29. axb5 axb5 30. hxg6 hxg6 31. Rh4 bxc4 32. Bxc4 Rb4 33. Kf2 Ng4+ 34. Ke2 Qe5
35. Rf4 f5 36. Qc1 Bb5 37. Bxb5 Rxb5 38. Nxf5 gxf5 39. Rf3 Qxe4+ 40. Kf1 Rb7 41.
Rfh3 Rg7 42. b4 f4 0-1

[Event "Moscow Open A 2016"]
[Site "Moscow RUS"]
[Date "2016.02.01"]
[Round "3.103"]
[White "Merkushev, Dmitry"]
[Black "Bryakin, Mikhail"]
[Result "0-1"]
[BlackTitle "FM"]
[WhiteElo "2107"]
[BlackElo "2315"]
[WhiteFideId "34123676"]
[BlackFideId "4165314"]
[EventDate "2016.01.30"]

1. Nf3 d5 2. c4 c6 3. e3 Nf6 4. Nc3 g6 5. Be2 Bg7 6. O-O O-O 7. d4 Re8 8. b3 Ne4
9. Bb2 e6 10. Qc2 f5 11. Nxe4 dxe4 12. Ne5 Nd7 13. Nxd7 Bxd7 14. Rfd1 Rc8 15. c5
h5 16. b4 h4 17. a4 Kf7 18. b5 Rh8 19. Qb3 g5 20. f3 exf3 21. gxf3 Bf6 22. e4
Kg6 23. a5 cxb5 24. Bxb5 Bxb5 25. Qxb5 Qc7 26. e5 Be7 27. Rab1 Rhd8 28. Ba1 Rb8
29. Rdc1 Rd5 30. a6 b6 31. Qb3 b5 32. Qa2 Qc6 33. Rb3 h3 34. Rcb1 Rdd8 35. Rxb5
Rxb5 36. Rxb5 Kf7 37. Rb7 Qxf3 38. Rxa7 Rh8 39. d5 Rh4 40. dxe6+ Kg6 0-1

[Event "Moscow Open A 2016"]
[Site "Moscow RUS"]
[Date "2016.02.01"]
[Round "3.104"]
[White "Zenin, Dmitri"]
[Black "Soldatov, Arnold"]
[Result "1-0"]
[WhiteElo "2310"]
[BlackElo "2075"]
[WhiteFideId "4127897"]
[BlackFideId "24135623"]
[EventDate "2016.01.30"]

1. d4 Nf6 2. c4 g6 3. Nc3 d5 4. Nf3 Bg7 5. e3 O-O 6. b4 c6 7. Bb2 a5 8. b5 dxc4
9. Bxc4 cxb5 10. Nxb5 a4 11. O-O Bd7 12. Ba3 Ne4 13. Qc2 Nf6 14. Rfc1 Nc6 15.
Rab1 Na5 16. Bd3 Nc6 17. Nc3 b6 18. Nd2 Re8 19. Nc4 Rb8 20. Nb5 Ra8 21. h3 Rb8
22. Qxa4 e5 23. Qc2 e4 24. Bf1 Nd5 25. Ncd6 Re6 26. Nxe4 Qh4 27. Nbd6 Bf8 28. g3
Qh6 29. Qb3 Bxd6 30. Bxd6 Rbe8 31. Qxd5 Rxe4 32. Rxc6 Bxc6 33. Qxc6 g5 34. Rxb6
R4e6 35. Qc7 Qg6 36. Bc5 Rxb6 37. Qxb6 Qf5 38. Qb7 h5 39. a4 Re6 40. Qc8+ Kh7
41. Bb6 h4 42. a5 Qb1 43. a6 Qe1 44. Qc2+ Kh6 45. Qf5 Rc6 46. Bc5 Rg6 47. Qxf7
Rg8 48. Bf8+ Rxf8 49. Qxf8+ Kh7 50. a7 1-0

[Event "Moscow Open A 2016"]
[Site "Moscow RUS"]
[Date "2016.02.01"]
[Round "3.105"]
[White "Fomin, Andrey"]
[Black "Shoshin, Boris"]
[Result "0-1"]
[WhiteElo "2241"]
[BlackElo "2068"]
[WhiteFideId "4162447"]
[BlackFideId "34196568"]
[EventDate "2016.01.30"]

1. Nf3 d5 2. e3 Nf6 3. b3 g6 4. Bb2 Bg7 5. Be2 O-O 6. O-O c5 7. Ne5 Qc7 8. f4
Nc6 9. Na3 a6 10. Nxc6 Qxc6 11. c4 Bf5 12. d3 Qe6 13. Be5 dxc4 14. Nxc4 Rfd8 15.
Qc2 b5 16. e4 bxc4 17. exf5 cxb3 18. fxe6 bxc2 19. exf7+ Kxf7 20. Bxf6 Bxf6 21.
Rac1 c4 22. Rf3 Rab8 23. Rxc2 Bd4+ 24. Kh1 Rb1+ 25. Rf1 Rdb8 26. Rcc1 Rxc1 27.
Rxc1 Rb2 28. Bf3 c3 29. Bd5+ Kg7 30. Bb3 Be3 0-1

[Event "Moscow Open A 2016"]
[Site "Moscow RUS"]
[Date "2016.02.01"]
[Round "3.106"]
[White "Tsvetkov, Andrey"]
[Black "Mikheev, Aleksey"]
[Result "0-1"]
[WhiteTitle "CM"]
[WhiteElo "2028"]
[BlackElo "2235"]
[WhiteFideId "34139360"]
[BlackFideId "24177660"]
[EventDate "2016.01.30"]

1. d4 Nf6 2. c4 g6 3. Nc3 Bg7 4. e4 O-O 5. e5 Ne8 6. f4 d6 7. Nf3 c5 8. dxc5 Nc6
9. cxd6 exd6 10. Be3 Bg4 11. Be2 Qe7 12. Nd5 Qd7 13. exd6 Nxd6 14. O-O Rad8 15.
Kh1 Rfe8 16. Bc5 Ne4 17. Ba3 Be6 18. Qc2 Bxd5 19. cxd5 Qxd5 20. Rad1 Qf5 21.
Rxd8 Rxd8 22. Qc1 Nd4 23. Qe3 Nxe2 24. Qxe2 Qxf4 25. Ne1 Qe5 26. Qf3 Qe6 27. Qe3
Bd4 28. Qf4 Bb6 29. Nf3 Qc4 30. Ne5 Qxf1+ 31. Qxf1 Rd1 32. Qxd1 Nf2+ 33. Kg1
Nxd1+ 34. Kf1 Ne3+ 35. Ke2 Nxg2 36. Nc4 Nf4+ 37. Kf3 Nd3 38. Bd6 f5 39. Ke2 Nc5
40. b4 Ne4 41. Be5 Kf7 42. a4 Ke6 43. Bb8 Kd5 44. Kd3 Nf2+ 45. Kc3 Ne4+ 46. Kd3
g5 47. Ne3+ Bxe3 48. Kxe3 a6 49. h4 gxh4 50. b5 h3 51. bxa6 bxa6 52. Bh2 Nf6 0-1

[Event "Moscow Open A 2016"]
[Site "Moscow RUS"]
[Date "2016.02.01"]
[Round "3.107"]
[White "Okun, Evgeny"]
[Black "Proleiko, Julian"]
[Result "0-1"]
[WhiteElo "2227"]
[BlackElo "2047"]
[WhiteFideId "24131806"]
[BlackFideId "30900255"]
[EventDate "2016.01.30"]

1. g3 d5 2. Bg2 Nf6 3. Nf3 c6 4. b3 Bf5 5. Bb2 e6 6. O-O Be7 7. d3 h6 8. c4 O-O
9. Nc3 Bh7 10. Re1 Nbd7 11. Rc1 a5 12. d4 Ne4 13. Nxe4 Bxe4 14. Nd2 Bxg2 15.
Kxg2 a4 16. e4 axb3 17. axb3 dxe4 18. Nxe4 Nf6 19. Qf3 Nxe4 20. Qxe4 Bf6 21. Bc3
Qb6 22. b4 Ra2 23. Rb1 Rd8 24. Red1 Ra3 25. Rd3 Qa7 26. c5 Qa6 27. Rbd1 Qc4 28.
Qf3 Rd5 29. Bb2 Ra2 30. Rc3 Qb5 31. Rb3 Ra4 32. Qd3 Rxb4 33. Rxb4 Qxb4 34. Bc3
Qb3 35. Ra1 Rd8 36. Qe3 Bxd4 37. Bxd4 Qd5+ 38. Kg1 Qxd4 39. Qxd4 Rxd4 40. Ra8+
Kh7 41. Rb8 Rb4 42. h4 Kg6 43. Kg2 Rb3 44. Rd8 Rb5 45. Rd7 Kf6 46. Kf3 e5 47. h5
Ke6 48. Rc7 Rb3+ 49. Ke2 e4 50. Kf1 Rb5 51. Ke2 Rxc5 52. Rxb7 Rxh5 53. Ke3 Rf5
54. Rb6 Kd5 55. Rb7 Rf3+ 56. Ke2 Kd6 57. Rb1 Kd5 58. Rb7 h5 59. Rd7+ Ke6 60. Rd4
Ke5 61. Rd7 g5 62. Ra7 h4 63. Ra5+ Kf6 64. Ra6 hxg3 65. Rxc6+ Kf5 0-1

[Event "Moscow Open A 2016"]
[Site "Moscow RUS"]
[Date "2016.02.01"]
[Round "3.108"]
[White "Obgolts, Erik"]
[Black "Pogosyan, Stefan"]
[Result "1-0"]
[WhiteElo "2220"]
[BlackElo "1974"]
[WhiteFideId "24199044"]
[BlackFideId "34159867"]
[EventDate "2016.01.30"]

1. Nf3 Nf6 2. d4 g6 3. Bf4 Bg7 4. Nbd2 d6 5. h3 O-O 6. e3 Nbd7 7. Bc4 Re8 8. O-O
c6 9. c3 b5 10. Bb3 Bb7 11. a4 a6 12. Bh2 h6 13. Qe2 Qb6 14. c4 b4 15. e4 e5 16.
c5 Qd8 17. cxd6 exd4 18. Qc4 Nxe4 19. Qxf7+ Kh7 20. Nxe4 Rxe4 21. Rae1 c5 22.
Be6 Rxe1 23. Rxe1 Bc8 24. Bxd7 Bxd7 25. Be5 1-0

[Event "Moscow Open A 2016"]
[Site "Moscow RUS"]
[Date "2016.02.01"]
[Round "3.109"]
[White "Lutsenko, Alexander"]
[Black "Tugarin, Anton"]
[Result "0-1"]
[WhiteElo "2026"]
[BlackElo "2214"]
[WhiteFideId "54159806"]
[BlackFideId "24151246"]
[EventDate "2016.01.30"]

1. e4 e6 2. d4 d5 3. Nd2 Be7 4. Ngf3 Nf6 5. e5 Nfd7 6. Bd3 c5 7. c3 Nc6 8. O-O
g5 9. h3 h5 10. g4 hxg4 11. hxg4 Qb6 12. Qb3 Qc7 13. Qc2 f6 14. Bb5 Kf7 15. Re1
fxe5 16. Bxc6 bxc6 17. Nxe5+ Nxe5 18. Rxe5 Ba6 19. Nf3 Rag8 20. Kg2 Rh6 21. Be3
Bf6 22. Rh1 Rxh1 23. Kxh1 Bxe5 24. dxe5 Ke8 25. Nxg5 Qxe5 26. f4 Qxe3 27. Qh7
Rxg5 28. Qh8+ Kf7 29. fxg5 Qxg5 30. Qh7+ Qg7 31. Qh4 Bd3 32. g5 Qh7 0-1

[Event "Moscow Open A 2016"]
[Site "Moscow RUS"]
[Date "2016.02.01"]
[Round "3.110"]
[White "Zhileykin, Andrey"]
[Black "Grishaev, Igor"]
[Result "1-0"]
[WhiteElo "2210"]
[BlackElo "1933"]
[WhiteFideId "24157503"]
[BlackFideId "4197925"]
[EventDate "2016.01.30"]

1. e4 c5 2. Nf3 Nc6 3. Bb5 g6 4. Bxc6 dxc6 5. d3 Bg7 6. Nc3 Nf6 7. Be3 b6 8. h3
O-O 9. a4 Nd7 10. Qd2 Re8 11. Bh6 Bh8 12. h4 Nf8 13. h5 e5 14. Bxf8 Rxf8 15.
hxg6 fxg6 16. Qh6 Qe7 17. Ng5 Rf7 18. Nxf7 Qxf7 19. Nd1 Rb8 20. Ne3 Rb7 21. Nc4
Qe7 22. O-O Bg7 23. Qe3 g5 24. c3 Be6 25. Qg3 Qf6 26. Nd6 Re7 27. Nf5 Bxf5 28.
exf5 Qxf5 29. Qe3 Re6 30. Qe4 Qf7 31. Qc4 Kh8 32. Rfe1 Qe8 33. a5 Rh6 34. Re3
Rh4 35. Re4 Rh6 36. axb6 axb6 37. Ra7 Bf8 38. Qf7 Qxf7 39. Rxf7 Kg8 40. Rb7 b5
41. Rxe5 Rg6 42. Rb8 Kg7 43. Ree8 Rf6 44. Rb6 Rd6 45. Rc8 b4 46. Rb7+ Kg8 47.
Rbb8 Rf6 48. cxb4 cxb4 49. Rxb4 c5 50. Rbb8 Kg7 51. Rxf8 Rxf8 52. Rxf8 Kxf8 53.
g4 Ke7 54. Kg2 Ke6 55. Kf3 Kd5 56. Ke3 Ke5 57. d4+ cxd4+ 58. Kd3 Kf4 59. b4 Ke5
60. Kc4 Ke4 61. b5 d3 62. Kc3 Kf3 63. Kxd3 Kxf2 64. b6 1-0

[Event "Moscow Open A 2016"]
[Site "Moscow RUS"]
[Date "2016.02.01"]
[Round "3.111"]
[White "Ioffe, Ilya"]
[Black "Abreu Sanchez, Leonel Jesus"]
[Result "1-0"]
[WhiteElo "2200"]
[BlackElo "1861"]
[WhiteFideId "34134031"]
[BlackFideId "3917487"]
[EventDate "2016.01.30"]

1. e4 e5 2. Nf3 Nf6 3. Nxe5 d6 4. Nf3 Nxe4 5. Nc3 Nxc3 6. dxc3 Be7 7. Be3 Nc6 8.
Qd2 Be6 9. O-O-O Qd7 10. Kb1 h6 11. h3 Bf6 12. g4 O-O-O 13. Bg2 a6 14. Nd4 Nxd4
15. Bxd4 Bxd4 16. Qxd4 f5 17. Qa7 c6 18. Rd4 Qc7 19. Rb4 d5 20. Bf1 fxg4 21.
Rxb7 Qxb7 22. Bxa6 Qxa6 23. Qxa6+ Kc7 24. Qa7+ Kd6 25. hxg4 Rd7 26. Qa3+ Kc7 27.
Re1 Bxg4 28. c4 d4 29. Qg3+ 1-0

[Event "Moscow Open A 2016"]
[Site "Moscow RUS"]
[Date "2016.02.01"]
[Round "3.112"]
[White "Mischeryakov, Alexey"]
[Black "Fraiman, Dmitry"]
[Result "1-0"]
[WhiteElo "1967"]
[BlackElo "2193"]
[WhiteFideId "34156434"]
[BlackFideId "34100641"]
[EventDate "2016.01.30"]

1. e4 c5 2. Nf3 d6 3. d4 cxd4 4. Nxd4 Nf6 5. Nc3 a6 6. Be3 e5 7. Nb3 Be7 8. f3
Be6 9. Qd2 O-O 10. O-O-O Nbd7 11. g4 b5 12. g5 b4 13. Ne2 Ne8 14. Kb1 a5 15. f4
a4 16. Nbc1 exf4 17. Nxf4 Bxg5 18. Nxe6 Bxe3 19. Qxe3 fxe6 20. Bc4 Qe7 21. Nd3
a3 22. Nxb4 Ne5 23. Bb3 Kh8 24. Rhf1 Nf6 25. bxa3 Rfc8 26. Qd4 Nf7 27. a4 Ng5
28. Rde1 Rab8 29. a3 e5 30. Qd3 Ne6 31. Bxe6 Qxe6 32. Rd1 Rd8 33. Rfe1 h6 34.
Kc1 Ra8 35. Qb3 Qd7 36. Kb2 Rxa4 37. Rd3 Ra5 38. Qc4 Rc8 39. Qb3 Rac5 40. Re2
Rc4 41. Rde3 Qc7 42. Qd3 Rd4 43. Qb3 Nh5 44. Rc3 Qxc3+ 45. Qxc3 Rxc3 46. Kxc3
Nf6 47. Kb2 g5 48. c3 Rxe4 49. Rxe4 Nxe4 50. a4 Nc5 51. a5 g4 52. Kc2 h5 53. Nd3
Na6 54. Nb4 Nc7 55. Kd2 Kg7 56. a6 Kf7 57. a7 Ke6 58. c4 Na8 59. Nd5 Kf5 60. Ke3
h4 61. Ne7+ Ke6 62. Nd5 Kf5 63. Ne7+ Ke6 64. Nd5 Kd7 65. Nf6+ Kc6 66. Nxg4 Kc5
67. Kd3 e4+ 68. Kxe4 Kxc4 69. Ne3+ Kc5 70. h3 Kb6 71. Nf5 Kxa7 72. Nxh4 Kb7 73.
Nf5 Kc6 74. h4 Nb6 75. h5 Nd7 76. Ne7+ Kc5 77. Kf5 d5 78. h6 Nf8 79. Ng6 Nh7 80.
Nf4 Kc4 81. Kg6 Nf8+ 82. Kg7 1-0

[Event "Moscow Open A 2016"]
[Site "Moscow RUS"]
[Date "2016.02.02"]
[Round "4.19"]
[White "Frolyanov, Dmitry"]
[Black "Kalashnikov, Konstantin"]
[Result "1-0"]
[WhiteTitle "GM"]
[BlackTitle "IM"]
[WhiteElo "2563"]
[BlackElo "2381"]
[WhiteFideId "4151976"]
[BlackFideId "4136004"]
[EventDate "2016.01.30"]

1. e4 c5 2. Nf3 d6 3. d4 cxd4 4. Nxd4 Nf6 5. Nc3 g6 6. Be3 Bg7 7. f3 Nc6 8. Qd2
O-O 9. Bc4 Bd7 10. O-O-O Ne5 11. Bb3 Rc8 12. Kb1 Re8 13. h4 h5 14. g4 hxg4 15.
h5 Nxh5 16. Bh6 e6 17. Rdg1 Qf6 18. fxg4 Bxh6 19. Qxh6 Qg7 20. Qe3 Nf6 21. g5
Nh5 22. Nde2 a5 23. a4 Bc6 24. Ng3 Nxg3 25. Rxg3 Kf8 26. Rgh3 Ke7 27. Rh7 Qf8
28. Qf2 Kd7 29. Nd5 exd5 30. exd5 Bb5 31. axb5 Rc5 32. b6 Kc8 33. Ba4 Rd8 34.
Qf6 Ng4 35. Qxf7 Qxf7 36. Rxf7 Ne5 37. Re7 Nc4 38. Be8 Nxb6 39. Bxg6 Rxd5 40.
Be4 Rxg5 41. Bxb7+ Kb8 42. Bc6 Kc8 43. Rhh7 Nd5 44. Rb7 Rdg8 45. c3 1-0

[Event "Moscow Open A 2016"]
[Site "Moscow RUS"]
[Date "2016.02.02"]
[Round "4.20"]
[White "Alekseenko, Kirill"]
[Black "Geivondian, Arman"]
[Result "1-0"]
[WhiteTitle "GM"]
[BlackTitle "FM"]
[WhiteElo "2560"]
[BlackElo "2374"]
[WhiteFideId "4135539"]
[BlackFideId "24102032"]
[EventDate "2016.01.30"]

1. c4 e6 2. Nc3 d5 3. d4 Be7 4. cxd5 exd5 5. Bf4 c6 6. e3 Bf5 7. g4 Bg6 8. h4
Qb6 9. Qd2 h6 10. h5 Bh7 11. O-O-O Nf6 12. f3 Na6 13. Bd3 Bxd3 14. Qxd3 c5 15.
dxc5 Nxc5 16. Qb5+ Qxb5 17. Nxb5 Ne6 18. Nd6+ Bxd6 19. Bxd6 d4 20. e4 Rc8+ 21.
Kb1 Rc6 22. Be5 Nd7 23. Bxd4 Nxd4 24. Rxd4 Ne5 25. Rd5 f6 26. Rh3 Ke7 27. Ne2
Rd6 28. Rxd6 Kxd6 29. f4 Nxg4 30. Rg3 Nf2 31. Rxg7 Nxe4 32. Rxb7 Re8 33. Nd4 a6
34. Nf5+ Kd5 35. Rb4 Nc5 36. Rd4+ Kc6 37. Rd6+ Kb5 38. Kc2 Re2+ 39. Rd2 Re1 40.
Rh2 Ne6 41. Nxh6 Nd4+ 42. Kd3 Kc5 43. Ng4 f5 44. Ne3 Ne6 45. h6 Nxf4+ 46. Kd2
Rb1 47. Nd1 1-0

[Event "Moscow Open A 2016"]
[Site "Moscow RUS"]
[Date "2016.02.02"]
[Round "4.21"]
[White "Yandemirov, Valeri"]
[Black "Yudin, Sergei"]
[Result "0-1"]
[WhiteTitle "GM"]
[BlackTitle "GM"]
[WhiteElo "2386"]
[BlackElo "2545"]
[WhiteFideId "4102622"]
[BlackFideId "4159659"]
[EventDate "2016.01.30"]

1. Nf3 e6 2. g3 b5 3. Bg2 Bb7 4. O-O Nf6 5. d3 c5 6. e4 d6 7. Nh4 Qc7 8. f4 Be7
9. a4 b4 10. Nd2 Nc6 11. Nc4 O-O-O 12. Nf3 d5 13. exd5 exd5 14. Nce5 Bd6 15. c3
Rhe8 16. Nxc6 Bxc6 17. Ne5 Bxe5 18. fxe5 Qxe5 19. Bf4 Qe2 20. cxb4 Qxd1 21.
Raxd1 cxb4 22. Bg5 Rd6 23. Bf4 Rdd8 24. Bg5 Rd6 25. Bf4 Rdd8 26. Rc1 Kb7 27. Rc5
Rc8 28. Bh3 Nd7 29. Bxd7 Bxd7 30. Rxd5 Bc6 31. Rh5 Re2 32. Rf2 Rxf2 33. Kxf2
Bxa4 34. Rxh7 Rc2+ 35. Ke3 Rxb2 36. Rxg7 Bb3 37. Rg8 a5 38. Rb8+ Kc6 39. h4 Be6
40. h5 Rh2 41. h6 b3 42. Ra8 b2 43. Rb8 a4 44. Be5 a3 45. h7 Rxh7 46. Bxb2 axb2
47. Rxb2 Rg7 48. Kf3 Kc5 49. Rb8 Rg5 50. Ra8 Kd4 51. Ra3 Rb5 52. g4 Rg5 53. Ra4+
Kxd3 54. Rf4 Bxg4+ 0-1

[Event "Moscow Open A 2016"]
[Site "Moscow RUS"]
[Date "2016.02.02"]
[Round "4.22"]
[White "Samusenko, Maksim"]
[Black "Predke, Alexandr"]
[Result "1-0"]
[WhiteTitle "FM"]
[WhiteElo "2362"]
[BlackElo "2520"]
[WhiteFideId "4112253"]
[BlackFideId "24107581"]
[EventDate "2016.01.30"]

1. d4 f5 2. Bg5 h6 3. Bh4 g5 4. Bg3 Nf6 5. e3 d6 6. h4 g4 7. Nc3 Bg7 8. Bd3 Nh5
9. Nge2 e5 10. dxe5 dxe5 11. f3 gxf3 12. gxf3 Be6 13. Qd2 Nd7 14. O-O-O c6 15.
Bf2 b5 16. Rhg1 b4 17. Na4 a5 18. Rg6 Bf6 19. Ng3 Nxg3 20. Bxg3 Nf8 21. Rxf6
Qxf6 22. Qh2 Nd7 23. Nb6 Nxb6 24. Bxe5 Qf8 25. Bxh8 Qxh8 26. Qc7 Nd5 27. Qxc6+
Kf7 28. Bxf5 Bxf5 29. Rxd5 Be6 30. Qc7+ Kf6 31. Rc5 Qb8 32. Qh7 Qf8 33. Rh5 Re8
34. Rxh6+ Ke5 35. Qc7+ Kd5 36. c4+ bxc3 37. e4+ 1-0

[Event "Moscow Open A 2016"]
[Site "Moscow RUS"]
[Date "2016.02.02"]
[Round "4.23"]
[White "Yuffa, Daniil"]
[Black "Shevchenko, Kirill"]
[Result "1/2-1/2"]
[WhiteTitle "IM"]
[BlackTitle "FM"]
[WhiteElo "2516"]
[BlackElo "2373"]
[WhiteFideId "24131423"]
[BlackFideId "14129574"]
[EventDate "2016.01.30"]

1. g3 Nf6 2. Bg2 e6 3. Nf3 d5 4. O-O c5 5. c4 dxc4 6. Na3 Nc6 7. Nxc4 Be7 8. b3
O-O 9. Bb2 Qc7 10. Nfe5 Bd7 11. Nxd7 Qxd7 12. d3 Rac8 13. a3 Nd5 14. Re1 Rfd8
15. Qb1 Qc7 16. Qa2 b5 17. Nd2 Qa5 18. Red1 Nc3 19. Bxc3 Qxc3 20. b4 Nd4 21. Ne4
Qc2 22. e3 Ne2+ 23. Kf1 cxb4 24. axb4 Bxb4 25. Qxc2 Rxc2 26. Rxa7 Nc3 27. Nxc3
Rxc3 28. d4 Bd6 29. Rb7 b4 30. Bf3 Kf8 31. Ra1 Rc7 32. Rb6 g6 33. Kg2 Be7 34.
Bd1 Rdc8 35. Raa6 Rc3 36. Ra7 R3c7 37. Raa6 Rc3 38. Ra7 R3c7 39. Raa6 Rc3 1/2-1/2

[Event "Moscow Open A 2016"]
[Site "Moscow RUS"]
[Date "2016.02.02"]
[Round "4.24"]
[White "Sviridov, Valery"]
[Black "Derbenev, Andrey"]
[Result "1/2-1/2"]
[BlackTitle "IM"]
[WhiteElo "2511"]
[BlackElo "2367"]
[WhiteFideId "4120680"]
[BlackFideId "4154169"]
[EventDate "2016.01.30"]

1. g3 d5 2. Bg2 c6 3. d3 Nf6 4. Nd2 e5 5. Ngf3 Bd6 6. e4 O-O 7. O-O Bg4 8. h3
Bh5 9. exd5 cxd5 10. Re1 Nc6 11. c4 dxc4 12. Nxc4 Bb4 13. Rf1 Re8 14. a3 Bf8 15.
g4 Bg6 16. Re1 Qc7 17. Nh4 Rad8 18. Nxg6 hxg6 19. Bg5 Nd4 20. Rc1 Qb8 21. Bh4 b5
22. Na5 e4 23. Bxe4 Nxe4 24. dxe4 Qf4 25. Rc3 Rxe4 26. Rxe4 Qxe4 27. Re3 Ne2+
28. Qxe2 Qb1+ 29. Kh2 Rd1 30. Qf3 Bd6+ 31. Bg3 Bxg3+ 32. Kxg3 Rh1 33. g5 Rg1+
34. Kh2 Rxg5 35. Qa8+ Kh7 36. Rg3 Rxg3 37. Kxg3 Qxb2 38. Qf3 Qe5+ 39. Kg2 Qg5+
40. Qg3 Qd5+ 41. Kh2 g5 42. Qe3 a6 43. Kg1 g4 44. hxg4 Qd1+ 45. Kh2 Qxg4 46.
Qh3+ Qxh3+ 47. Kxh3 Kg6 48. Nc6 Kf5 49. Kg3 Ke4 50. Kg4 f6 51. Kg3 f5 52. f3+
Ke3 53. f4 Ke4 54. Nb4 a5 55. Nc6 a4 1/2-1/2

[Event "Moscow Open A 2016"]
[Site "Moscow RUS"]
[Date "2016.02.02"]
[Round "4.25"]
[White "Palachev, Petr"]
[Black "Igonin, Temur"]
[Result "1-0"]
[WhiteTitle "FM"]
[BlackTitle "FM"]
[WhiteElo "2358"]
[BlackElo "2498"]
[WhiteFideId "24129003"]
[BlackFideId "14203049"]
[EventDate "2016.01.30"]

1. d4 d5 2. c4 dxc4 3. Nf3 Nf6 4. e3 e6 5. Bxc4 a6 6. O-O b5 7. Be2 Nbd7 8. a4
b4 9. Nbd2 Bb7 10. b3 c5 11. Bb2 Be7 12. Rc1 O-O 13. dxc5 Bxc5 14. Ne1 Be7 15.
Nd3 a5 16. Nc4 Rc8 17. Bd4 Nd5 18. Nde5 Nc5 19. Nd2 f6 20. Nec4 e5 21. Ba1 Qc7
22. Qc2 Kh8 23. Rfd1 Rfd8 24. Bg4 Ra8 25. Bf3 Nb6 26. Nxb6 Qxb6 27. Nc4 Qa6 28.
Bxb7 Nxb7 29. Bb2 Nc5 30. f4 e4 31. Bd4 Nd3 32. Rb1 Rac8 33. Qe2 Bc5 34. Bxc5
Nxc5 35. Rxd8+ Rxd8 36. Rd1 Rc8 37. Rd6 Qa7 38. Nb6 Rg8 39. Rc6 Nd3 40. Qg4 Qf7
41. Nc4 Qd5 42. Rd6 Qc5 43. Ra6 f5 44. Qd1 Qc7 45. Rxa5 Nb2 46. Qd6 Qxd6 47.
Nxd6 g6 48. Rb5 Nd3 49. h3 Ra8 50. g4 Ra6 51. Nf7+ Kg7 52. Ne5 Rd6 53. Nc4 Rd8
54. a5 Ra8 55. gxf5 gxf5 56. Nd6 Kf6 57. Nxf5 Rg8+ 58. Kf1 Rc8 59. Nd6 Rc1+ 60.
Kg2 Rb1 61. Nxe4+ Kf7 62. a6 Rxb3 63. Ra5 Ne1+ 64. Kf1 1-0

[Event "Moscow Open A 2016"]
[Site "Moscow RUS"]
[Date "2016.02.02"]
[Round "4.26"]
[White "Potapov, Pavel"]
[Black "Yandarbiev, Ruslan"]
[Result "1-0"]
[WhiteTitle "IM"]
[BlackTitle "IM"]
[WhiteElo "2492"]
[BlackElo "2368"]
[WhiteFideId "4169786"]
[BlackFideId "4115023"]
[EventDate "2016.01.30"]

1. e4 c6 2. d4 d5 3. e5 Bf5 4. h4 Qb6 5. a4 a5 6. Ne2 h6 7. Ng3 Bd7 8. c4 Na6 9.
Nc3 Nb4 10. cxd5 Qxd4 11. Qxd4 Nc2+ 12. Kd1 Nxd4 13. Be3 Nf5 14. Nxf5 Bxf5 15.
Bb6 g6 16. f4 h5 17. g3 Bd7 18. Bg2 Nh6 19. Re1 Bg7 20. e6 fxe6 21. dxe6 Bc8 22.
Kc2 Nf5 23. Bh3 O-O 24. Bxf5 gxf5 25. Rad1 Ra6 26. Bc5 Bf6 27. Re3 b6 28. Bd4
Kg7 29. Ne2 c5 30. Bc3 Ra7 31. Rd5 Kg6 32. Bxf6 Kxf6 33. Rde5 Rc7 34. g4 hxg4
35. Ng3 Kg6 36. h5+ Kh7 37. Nxf5 Bxe6 38. Ng3 Bc8 39. Rxe7+ Rxe7 40. Rxe7+ Kh6
41. Rc7 Bf5+ 42. Kd2 Rf6 43. Ke3 Bc2 44. Rb7 Bxa4 45. f5 Be8 46. Rb8 Bd7 47. Kf4
c4 48. Rh8+ Kg7 49. Rd8 Rd6 50. Kg5 Rd3 51. h6+ 1-0

[Event "Moscow Open A 2016"]
[Site "Moscow RUS"]
[Date "2016.02.02"]
[Round "4.27"]
[White "Gasanov, Eldar"]
[Black "Alikulov, Elbek"]
[Result "1-0"]
[WhiteTitle "GM"]
[BlackTitle "IM"]
[WhiteElo "2488"]
[BlackElo "2365"]
[WhiteFideId "14104466"]
[BlackFideId "14203308"]
[EventDate "2016.01.30"]

1. d4 Nf6 2. g3 g6 3. Bg2 Bg7 4. e4 d6 5. Ne2 e5 6. h3 b6 7. O-O Bb7 8. d5 c6 9.
c4 cxd5 10. cxd5 O-O 11. Nbc3 Nbd7 12. Be3 Qe7 13. Qd2 Rac8 14. Nb5 a6 15. Na7
Rc7 16. Rac1 Nc5 17. Nc3 Qd8 18. b4 Ncd7 19. Na4 b5 20. Rxc7 Qxc7 21. Rc1 Qd8
22. Nb2 Ne8 23. Nc6 Qa8 24. g4 Bf6 25. a4 bxa4 26. Nxa4 Ng7 27. Na5 Rc8 28.
Rxc8+ Qxc8 29. Qc1 Kf8 30. Nxb7 Qxb7 31. Qc6 Qb5 32. Bf1 Qxb4 33. Qxd7 Qxe4 34.
Qxd6+ 1-0

[Event "Moscow Open A 2016"]
[Site "Moscow RUS"]
[Date "2016.02.02"]
[Round "4.28"]
[White "Mammadzada, Gunay"]
[Black "Geller, Jakov"]
[Result "1-0"]
[WhiteTitle "WGM"]
[BlackTitle "GM"]
[WhiteElo "2341"]
[BlackElo "2487"]
[WhiteFideId "13403729"]
[BlackFideId "4151984"]
[EventDate "2016.01.30"]

1. e4 c5 2. Nf3 d6 3. d4 cxd4 4. Nxd4 Nf6 5. Nc3 a6 6. Be3 e5 7. Nb3 Be6 8. Qd2
Nbd7 9. f4 b5 10. O-O-O Be7 11. h3 b4 12. Nd5 Nxe4 13. Qxb4 Bxd5 14. Rxd5 Nef6
15. Rd1 O-O 16. Qa5 Qb8 17. g4 Bd8 18. Qd2 a5 19. a4 Ne4 20. Qg2 Qb4 21. Bb5 Bb6
22. Bxb6 Nxb6 23. Bc6 d5 24. Rxd5 Nc3 25. Bxa8 Na2+ 26. Kb1 Nc3+ 27. Kc1 Na2+
28. Kd1 Rxa8 29. Rd3 Rc8 30. Qd2 Qe7 31. Nxa5 h5 32. Re1 Nxa4 33. Rxe5 Nxb2+ 34.
Ke2 Qf6 35. Rd6 Qh4 36. Rxh5 Re8+ 37. Kf3 Qe7 38. Re5 1-0